000 00576nam a2200169Ia 4500
005 20250415161359.0
008 231217s9999 xx 000 0 und d
020 _a9788128007200
082 _a001.6442 NAN1;4
100 _aNandagopalan, S.
245 0 _aData structures with C : as per syllabus of VTU, for IIIrd sem BE, CSE/ISE. also useful for BE/B.Tech/Diploma of all other universities
250 _a1st rev ed.
260 _c2009
_bSapna
_aBangalore
300 _a509
650 _astructures,C,VTU,,IIIrd,BE,,CSE/ISE.,also,useful,BE/B.Tech/Diploma
942 _cAA
999 _c184716
_d184716